000 004390000a22001690004500
003 MACL
005 20160105130548.0
008 160105b xxu||||| |||| 00| 0 eng d
040 _aMACL
_cMACL
041 _aEnglish
082 _a800/RYD
100 _aRydberg, Viktor
_927927
245 _aSingoalla A Mediaeval Legend
260 _bThe Walter Scott publishing co Ltd
_aLondon
650 _aLiterature
_927928
942 _cBK
_k800/RYD
_2ddc
999 _c36510
_d36510